[Event "VI MFSz Turniej Otwarty"]
[Site "Ostroda"]
[Date "2009.08.10"]
[Round "6.2"]
[White "Zielinski, Maciej"]
[Black "Dzionk, Agata"]
[Result "1/2-1/2"]
[WhiteElo "1888"]
[BlackElo "1861"]
[PlyCount "81"]
[EventDate "2009.??.??"]

1. e4 c5 2. Nf3 d6 3. d4 cxd4 4. Nxd4 Nf6 5. Nc3 g6 6. Be3 Bg7 7. f3 Nc6 8. Qd2
Bd7 9. O-O-O O-O 10. h4 Rb8 11. g4 Bxg4 12. fxg4 Nxg4 13. Nb3 b5 14. Be2 Nxe3
15. Qxe3 b4 16. Nb1 a5 17. h5 e6 18. hxg6 Qf6 19. gxf7+ Rxf7 20. e5 Qxe5 21.
Qxe5 Bxe5 22. Rhg1+ Kh8 23. Rdf1 Rc7 24. Bd3 a4 25. N3d2 b3 26. axb3 Nb4 27.
Rf3 axb3 28. Nxb3 Na2+ 29. Kd1 Bxb2 30. Rgf1 Nb4 31. N1d2 d5 32. Rf7 Rbb7 33.
Rxc7 Rxc7 34. Rf8+ Kg7 35. Re8 e5 36. Re6 e4 37. Nxe4 Nxd3 38. cxd3 dxe4 39.
dxe4 Kf7 40. Rh6 Kg7 41. Rh3 1/2-1/2

[Event "VI MFSz Turniej Otwarty"]
[Site "Ostroda"]
[Date "2009.08.10"]
[Round "6.3"]
[White "Reza, Wojciech"]
[Black "Ciesielski, Tomasz"]
[Result "1/2-1/2"]
[WhiteElo "1806"]
[BlackElo "1886"]
[PlyCount "81"]
[EventDate "2009.??.??"]

1. e4 e6 2. d4 d5 3. Nc3 Nf6 4. Bg5 Be7 5. e5 Ng8 6. h4 h6 7. Bxe7 Nxe7 8. Nf3
b6 9. Qd2 a6 10. Ne2 c5 11. c3 Nbc6 12. g4 Bb7 13. h5 Qd7 14. g5 Nf5 15. Bh3
Nce7 16. Ng3 Nxg3 17. fxg3 O-O-O 18. O-O-O Kb8 19. Kb1 Ka7 20. Rdf1 Nc6 21.
gxh6 Rxh6 22. Ng5 Rf8 23. Rh2 Qe7 24. Bg4 cxd4 25. cxd4 Bc8 26. Rhf2 f5 27.
exf6 Rhxf6 28. Bf3 Rf5 29. Nh3 e5 30. g4 R5f6 31. dxe5 Nxe5 32. Bxd5 Bxg4 33.
Nf4 Rd8 34. Qe3 Qd6 35. Be4 Qd4 36. Qxd4 Rxd4 37. Re1 Nc4 38. Nd3 Rxf2 39. Nxf2
Nd2+ 40. Kc2 Nxe4 41. Nxg4 1/2-1/2

[Event "VI MFSz Turniej Otwarty"]
[Site "Ostroda"]
[Date "2009.08.10"]
[Round "6.4"]
[White "Januszewski, Piotr"]
[Black "Stachowicz, Feliks"]
[Result "1-0"]
[WhiteElo "1874"]
[BlackElo "1680"]
[PlyCount "115"]
[EventDate "2009.??.??"]

1. e4 c6 2. d4 d5 3. e5 Bf5 4. g4 Bd7 5. Bd3 e6 6. Nf3 c5 7. c3 Nc6 8. O-O Qb6
9. Be2 Rc8 10. a3 h5 11. g5 g6 12. b4 cxb4 13. cxb4 Nge7 14. Be3 Nf5 15. Kh1 a6
16. Qd2 Na7 17. Nc3 Be7 18. Rfc1 Qd8 19. h4 b5 20. Nd1 O-O 21. Nb2 Rxc1+ 22.
Rxc1 Nc8 23. Kh2 Nb6 24. Kh3 Nc4 25. Nxc4 dxc4 26. Ne1 Qa8 27. f3 Bc6 28. Bf2
Rd8 29. Qc3 Bd5 30. Kh2 Qb7 31. Nc2 Ra8 32. Ne3 Nxe3 33. Qxe3 a5 34. Be1 axb4
35. Bxb4 Bxb4 36. axb4 Ra4 37. Rb1 Qa8 38. Kg3 Ra3 39. Qf4 Be4 40. Rd1 Bf5 41.
d5 exd5 42. e6 fxe6 43. Re1 Qf8 44. Qe5 Qxb4 45. Bd1 Ra2 46. Qb8+ Kf7 47. Qb7+
Qe7 48. Qxb5 Qd6+ 49. f4 Ra3+ 50. Bf3 Rb3 51. Qa5 Qb6 52. Qa4 Qb7 53. Kg2 c3
54. Qd4 Qd7 55. Qf6+ Ke8 56. Ra1 Rb8 57. Qxc3 Rc8 58. Ra8 1-0

[Event "VI MFSz Turniej Otwarty"]
[Site "Ostroda"]
[Date "2009.08.10"]
[Round "6.5"]
[White "Wodzynski, Mieszko"]
[Black "Zajaczkowski, Jan"]
[Result "1/2-1/2"]
[WhiteElo "1800"]
[BlackElo "2033"]
[PlyCount "55"]
[EventDate "2009.??.??"]

1. e4 e5 2. Nf3 Nf6 3. Nxe5 Qe7 4. Nf3 Qxe4+ 5. Be2 Bc5 6. O-O O-O 7. Nc3 Qe7
8. d4 Bb4 9. Bg5 Bxc3 10. bxc3 d5 11. c4 c6 12. cxd5 cxd5 13. Re1 Qd6 14. Bd3
Nc6 15. c3 Bg4 16. h3 Bh5 17. g4 Bg6 18. Ne5 Bxd3 19. Qxd3 Ne4 20. Bf4 Qf6 21.
Bg3 Qh6 22. Kg2 f5 23. f4 g5 24. fxg5 Qxg5 25. Rf1 Nxg3 26. Qxg3 f4 27. Nf3 Qg6
28. Qf2 1/2-1/2

[Event "VI MFSz Turniej Otwarty"]
[Site "Ostroda"]
[Date "2009.08.10"]
[Round "6.8"]
[White "Wodzynski, Michal"]
[Black "Gajek, Radoslaw"]
[Result "1-0"]
[WhiteElo "1996"]
[BlackElo "1785"]
[PlyCount "74"]
[EventDate "2009.??.??"]

1. e4 g6 2. d4 Bg7 3. f4 c5 4. Nf3 cxd4 5. Nxd4 Nc6 6. Nxc6 bxc6 7. Bd3 Qb6 8.
Nc3 d6 9. Na4 Qa5+ 10. c3 Nf6 11. O-O Bg4 12. Qc2 O-O 13. c4 d5 14. Bd2 Qd8 15.
e5 Ne4 16. Be3 Bf5 17. Nc3 Nxc3 18. bxc3 Bxd3 19. Qxd3 e6 20. Bc5 Re8 21. Bd6
Qb6+ 22. c5 Qa5 23. Rfb1 f6 24. Rb7 fxe5 25. fxe5 Kh8 26. Qf3 Qa6 27. Qf7 Rg8
28. Rf1 Qxa2 29. Qxe6 Qe2 30. Qf7 a5 31. Be7 Qh5 32. Bf6 Qh6 33. e6 a4 34. e7
Bxf6 35. Qxf6+ Qg7 36. e8=Q Qxf6 37. Qxg8+ Kxg8 1-0

[Event "VI MFSz Turniej Otwarty"]
[Site "Ostroda"]
[Date "2009.08.10"]
[Round "6.9"]
[White "Renkowski, Piotr"]
[Black "Jadanowska, Beata"]
[Result "1-0"]
[WhiteElo "1688"]
[BlackElo "1831"]
[PlyCount "91"]
[EventDate "2009.??.??"]

1. e4 e5 2. Nf3 Nc6 3. Bc4 Be7 4. d3 d6 5. Nc3 Nf6 6. Be3 O-O 7. Qd2 a6 8. h3
Be6 9. Bb3 Nb8 10. O-O Nbd7 11. Bxe6 fxe6 12. Ng5 Qc8 13. Nxe6 Re8 14. f4 exf4
15. Nxf4 Ne5 16. Nfd5 Qd8 17. Nxf6+ Bxf6 18. Nd5 Bh4 19. Qc3 c6 20. Bb6 Qg5 21.
Nc7 c5 22. Nxa8 Rxa8 23. d4 Ng6 24. Rf5 Qe7 25. Raf1 Qxe4 26. dxc5 dxc5 27.
Bxc5 Bf6 28. Rxf6 gxf6 29. Qxf6 Qe8 30. Bd4 Qe7 31. Qxe7 Nxe7 32. Rf3 Nc6 33.
Bc3 Rd8 34. Rd3 Rxd3 35. cxd3 Kf7 36. Kf2 Ke6 37. Ke3 Ne7 38. Ke4 Nc8 39. Bb4
Nb6 40. g4 Nd7 41. g5 Ne5 42. h4 Ng6 43. h5 Ne5 44. Bc3 Nd7 45. g6 h6 46. Bg7
1-0

[Event "VI MFSz Turniej Otwarty"]
[Site "Ostroda"]
[Date "2009.08.10"]
[Round "6.11"]
[White "Gorniewicz, Oskar"]
[Black "Tuszynski, Eugeniusz"]
[Result "1/2-1/2"]
[WhiteElo "1844"]
[BlackElo "1792"]
[PlyCount "124"]
[EventDate "2009.??.??"]

1. d4 Nf6 2. Nf3 g6 3. c4 d6 4. Nc3 Bg7 5. e4 Nbd7 6. e5 dxe5 7. dxe5 Ng4 8. e6
fxe6 9. Ng5 Nde5 10. Qxd8+ Kxd8 11. Bf4 h6 12. Bxe5 Bxe5 13. Nf7+ Ke8 14. Nxh8
Bxh8 15. h3 Nf6 16. Nb5 Kf7 17. Nxc7 Rb8 18. Bd3 a6 19. c5 Bd7 20. c6 Bxc6 21.
Bc4 Bd5 22. Nxd5 Nxd5 23. O-O Rc8 24. Bd3 Nf4 25. Be4 Rc7 26. Rab1 Bd4 27. Kh2
Nh5 28. Rfd1 e5 29. Rd2 Nf6 30. f3 Rd7 31. Rbd1 g5 32. g3 Ne8 33. Kg2 Nd6 34.
Bd3 Kf6 35. Rc2 e6 36. g4 Ke7 37. b4 Ne8 38. Rc8 Nc7 39. Bc4 b5 40. Bb3 Nd5 41.
Bxd5 exd5 42. Rh8 Rd6 43. Rc1 Bb6 44. Rcc8 Kd7 45. Ra8 d4 46. Rh7+ Kc6 47. Kf1
d3 48. Ke1 Kd5 49. Kd2 Kc4 50. a3 Kb3 51. Rxa6 Be3+ 52. Kxe3 Rxa6 53. Kxd3 Kxa3
54. Re7 Kxb4 55. Rxe5 Rd6+ 56. Kc2 Rf6 57. Re3 Ka4 58. Kb2 Rd6 59. Ra3+ Kb4 60.
Rb3+ Ka4 61. Ra3+ Kb4 62. Rb3+ Ka4 1/2-1/2

[Event "VI MFSz Turniej Otwarty"]
[Site "Ostroda"]
[Date "2009.08.10"]
[Round "6.12"]
[White "Szymanowski, Mateusz"]
[Black "Kumala, Aleksander"]
[Result "0-1"]
[WhiteElo "1600"]
[BlackElo "1858"]
[PlyCount "70"]
[EventDate "2009.??.??"]

1. e4 e5 2. Nf3 Nc6 3. Bc4 Nd4 4. Nc3 Bc5 5. d3 d6 6. Be3 Bg4 7. h3 Bxf3 8.
gxf3 c6 9. Bxd4 Bxd4 10. Ne2 Bxb2 11. Rb1 b5 12. Bxf7+ Kxf7 13. Rxb2 Qf6 14.
Ng3 Ne7 15. Qe2 Rhf8 16. Rg1 Qh6 17. Qe3 Qh4 18. c4 bxc4 19. Rb7 g6 20. dxc4
Rab8 21. Qxa7 Ra8 22. Qe3 Rxa2 23. Rb1 Kg7 24. Qb3 Raa8 25. Qb7 Ra2 26. Rb2
Ra1+ 27. Rb1 Rxb1+ 28. Qxb1 Rxf3 29. Qb7 Kf7 30. Qb2 Qf4 31. c5 dxc5 32. Qa2+
Kf6 33. Qc4 Rxf2 34. Qc3 Rf3 35. Qxf3 Qxf3 {...} 0-1

[Event "VI MFSz Turniej Otwarty"]
[Site "Ostroda"]
[Date "2009.08.10"]
[Round "6.13"]
[White "Pawlowski, Dariusz"]
[Black "Murawski, Jacek"]
[Result "1-0"]
[WhiteElo "1729"]
[BlackElo "1619"]
[PlyCount "75"]
[EventDate "2009.??.??"]

1. d4 Nf6 2. c4 g6 3. Nc3 Bg7 4. e4 d6 5. f3 O-O 6. Be3 e5 7. d5 Nh5 8. Qd2 f5
9. Bg5 Nf6 10. O-O-O f4 11. h4 h6 12. Bxf6 Bxf6 13. g3 Nd7 14. gxf4 exf4 15.
Qg2 Kg7 16. Nge2 Be5 17. Rg1 Qf6 18. Qh2 a5 19. Kc2 Nc5 20. h5 g5 21. Bh3 c6
22. Bxc8 Rfxc8 23. Rg2 b5 24. dxc6 bxc4 25. Nd5 Qf7 26. c7 Rxc7 27. Nxc7 Qxc7
28. Qh3 Qb6 29. Rb1 Rf8 30. Nc3 Qb4 31. Rgg1 Na4 32. Qe6 Nxc3 33. Qg6+ Kh8 34.
Qxh6+ Kg8 35. Rxg5+ Kf7 36. Rf5+ Ke7 37. Qxf8+ Kd7 38. Rf7+ 1-0

[Event "VI MFSz Turniej Otwarty"]
[Site "Ostroda"]
[Date "2009.08.11"]
[Round "7.1"]
[White "Plichta, Kamil"]
[Black "Januszewski, Piotr"]
[Result "1-0"]
[WhiteElo "2039"]
[BlackElo "1874"]
[PlyCount "69"]
[EventDate "2009.??.??"]

1. d4 Nf6 2. g4 h6 3. g5 hxg5 4. Bxg5 Ne4 5. Bf4 e5 6. dxe5 Bc5 7. e3 g5 8. Qd5
gxf4 9. Qxe4 fxe3 10. fxe3 Qh4+ 11. Qxh4 Rxh4 12. Nc3 Bb4 13. Nf3 Rh5 14. h4
Nc6 15. O-O-O Bxc3 16. bxc3 Ke7 17. Be2 d6 18. Ng5 Rh6 19. exd6+ cxd6 20. Bc4
Ne5 21. Bd5 Bg4 22. Rd4 Be6 23. Bxb7 Rb8 24. Bd5 Bxd5 25. Rxd5 Rg8 26. Ne4 Nc4
27. Nd2 Nxe3 28. Ra5 Rc8 29. Rxa7+ Kf8 30. Ne4 f5 31. Ng5 Ng2 32. Rg1 Nxh4 33.
Nh7+ Rxh7 34. Rxh7 Nf3 35. Rg3 1-0

[Event "VI MFSz Turniej Otwarty"]
[Site "Ostroda"]
[Date "2009.08.11"]
[Round "7.2"]
[White "Ciesielski, Tomasz"]
[Black "Puczylowski, Marcin"]
[Result "0-1"]
[WhiteElo "1886"]
[BlackElo "2017"]
[PlyCount "40"]
[EventDate "2009.??.??"]

1. e4 e6 2. d3 d5 3. e5 c5 4. f4 Nc6 5. Nf3 f6 6. g3 Qc7 7. Qe2 Bd7 8. Bg2 fxe5
9. fxe5 g6 10. c3 Bg7 11. d4 cxd4 12. cxd4 Nge7 13. O-O O-O 14. Nc3 Nf5 15. Rd1
Qb6 16. Be3 Nxe5 17. Nxe5 Bxe5 18. Bxd5 Bxd4 19. Bxd4 Nxd4 20. Qe3 Ne2+ 0-1

[Event "VI MFSz Turniej Otwarty"]
[Site "Ostroda"]
[Date "2009.08.11"]
[Round "7.3"]
[White "Zielinski, Maciej"]
[Black "Reza, Wojciech"]
[Result "1/2-1/2"]
[WhiteElo "1888"]
[BlackElo "1806"]
[PlyCount "69"]
[EventDate "2009.??.??"]

1. e4 c5 2. Nf3 e6 3. d4 cxd4 4. Nxd4 Nf6 5. Nc3 Bb4 6. Bd3 e5 7. Nde2 Nc6 8.
O-O O-O 9. Bg5 Be7 10. Bxf6 Bxf6 11. Nd5 Bg5 12. Ng3 d6 13. c3 Ne7 14. Bc4 b5
15. Bb3 Rb8 16. Qc2 g6 17. a4 Nxd5 18. Bxd5 b4 19. Rfd1 Qc7 20. c4 Bg4 21. Rd3
Kh8 22. b3 Qc5 23. Kh1 h5 24. f3 Bd7 25. Ra2 h4 26. Nf1 Bd8 27. Qf2 Bb6 28.
Qxc5 Bxc5 29. h3 Kg7 30. Nh2 f5 31. Re2 Kf6 32. Nf1 Kg5 33. Kh2 a5 34. Ne3 f4
35. Ng4 1/2-1/2

[Event "VI MFSz Turniej Otwarty"]
[Site "Ostroda"]
[Date "2009.08.11"]
[Round "7.5"]
[White "Zajaczkowski, Jan"]
[Black "Kapica, Pawel"]
[Result "0-1"]
[WhiteElo "2033"]
[BlackElo "1869"]
[PlyCount "96"]
[EventDate "2009.??.??"]

1. Nf3 Nf6 2. c4 g6 3. Nc3 d5 4. d4 Bg7 5. Ne5 O-O 6. e3 c5 7. cxd5 Nxd5 8. Be2
cxd4 9. exd4 Nxc3 10. bxc3 Qa5 11. Nf3 Qxc3+ 12. Bd2 Qa3 13. Qb3 Qxb3 14. axb3
Nc6 15. Be3 Rd8 16. Rd1 Be6 17. Bc4 Bg4 18. d5 Ne5 19. Ke2 Nxf3 20. gxf3 Bf5
21. h4 a6 22. Bb6 Rd6 23. Bc5 Rd7 24. Bb6 h5 25. Bd4 b5 26. Bxg7 Kxg7 27. Bd3
Bxd3+ 28. Rxd3 Kf6 29. f4 Kf5 30. Kf3 Rad8 31. Rhd1 Rd6 32. Rg1 Rxd5 33. Rg5+
Ke6 34. Re3+ Kf6 35. Rge5 Rxe5 36. fxe5+ Kf5 37. Kg3 Rd5 38. f4 Rd4 39. Rf3 Ke4
40. Rf1 Rd3+ 41. Kg2 Rxb3 42. Rf2 a5 43. Rc2 a4 44. Rc7 a3 45. Rxe7 a2 46. Ra7
Rb2+ 47. Kg3 b4 48. Ra4 Rh2 0-1

[Event "VI MFSz Turniej Otwarty"]
[Site "Ostroda"]
[Date "2009.08.11"]
[Round "7.7"]
[White "Stachowicz, Feliks"]
[Black "Wodzynski, Mieszko"]
[Result "1-0"]
[WhiteElo "1680"]
[BlackElo "1800"]
[PlyCount "77"]
[EventDate "2009.??.??"]

1. d4 Nf6 2. Nf3 d5 3. c4 e6 4. Nc3 c6 5. Qb3 Nbd7 6. Bg5 Be7 7. e3 O-O 8. Be2
h6 9. Bf4 dxc4 10. Bxc4 b5 11. Be2 Bb7 12. O-O g5 13. Bg3 a6 14. Rfd1 Nd5 15.
h3 f5 16. Be5 h5 17. Kh1 g4 18. Ng1 N7f6 19. Bxf6 Rxf6 20. Nxd5 exd5 21. f3 Bc8
22. e4 fxe4 23. fxe4 Rg6 24. e5 Ra7 25. Rf1 c5 26. Qc2 Rg7 27. dxc5 Rc7 28. b4
Bh4 29. Qd2 Bg3 30. Rfd1 Be6 31. Qh6 Qe8 32. Qe3 gxh3 33. Nxh3 Bxh3 34. gxh3
Qe6 35. Bf1 Rcf7 36. Bg2 Rf2 37. Qxf2 Qxe5 38. Qf3 Rf7 39. Qxd5 1-0

[Event "VI MFSz Turniej Otwarty"]
[Site "Ostroda"]
[Date "2009.08.11"]
[Round "7.8"]
[White "Kumala, Aleksander"]
[Black "Renkowski, Piotr"]
[Result "1-0"]
[WhiteElo "1858"]
[BlackElo "1688"]
[PlyCount "73"]
[EventDate "2009.??.??"]

1. e4 e5 2. Nf3 Nc6 3. d4 exd4 4. Bc4 Be7 5. c3 d3 6. Qb3 Na5 7. Bxf7+ Kf8 8.
Qa4 Kxf7 9. Qxa5 d5 10. exd5 Nf6 11. c4 Re8 12. O-O Kg8 13. Ne1 Bd6 14. Nxd3
Bxh2+ 15. Kxh2 Ng4+ 16. Kg1 Bf5 17. Ne1 Re2 18. Qc3 Rxf2 19. Rxf2 Qh4 20. g3
Qh3 21. Qf3 Re8 22. Bd2 Kh8 23. Nc3 h5 24. Qg2 Nxf2 25. Kxf2 Qg4 26. Qf3 Qg6
27. Bf4 Bg4 28. Qd3 Bf5 29. Qd4 Qg4 30. Nf3 Rf8 31. Ne4 h4 32. Nxh4 Bh7 33. Rh1
Kg8 34. Qe5 g5 35. Qxg5+ Qxg5 36. Nxg5 Rxf4+ 37. gxf4 1-0

[Event "VI MFSz Turniej Otwarty"]
[Site "Ostroda"]
[Date "2009.08.11"]
[Round "7.10"]
[White "Hekman, Dominik"]
[Black "Pawlowski, Dariusz"]
[Result "1-0"]
[WhiteElo "1647"]
[BlackElo "1729"]
[PlyCount "77"]
[EventDate "2009.??.??"]

1. e4 c5 2. Nf3 d6 3. d4 cxd4 4. Nxd4 Nf6 5. Nc3 a6 6. Be3 e5 7. Nb3 Be6 8. f3
Be7 9. Qd2 O-O 10. O-O-O Nc6 11. g4 b5 12. g5 Nd7 13. Nd5 Bxd5 14. exd5 Na7 15.
Bd3 Nc8 16. h4 Ncb6 17. Na5 Qc7 18. Nc6 Rfe8 19. Be4 Nc4 20. Qd3 Nxe3 21. Qxe3
Nc5 22. Rdg1 Nxe4 23. Qxe4 Bf8 24. h5 Qd7 25. Rg3 a5 26. Rhg1 a4 27. f4 exf4
28. Qxf4 Re2 29. g6 fxg6 30. hxg6 h6 31. Nd4 Re5 32. Ne6 Rc8 33. Rf3 Rxe6 34.
dxe6 Qxe6 35. Qf7+ Qxf7 36. Rxf7 b4 37. Rb7 d5 38. Rf1 Bd6 39. Rff7 1-0

[Event "VI MFSz Turniej Otwarty"]
[Site "Ostroda"]
[Date "2009.08.11"]
[Round "7.11"]
[White "Glatty, Zbigniew"]
[Black "Jadanowska, Beata"]
[Result "1/2-1/2"]
[WhiteElo "1924"]
[BlackElo "1831"]
[PlyCount "136"]
[EventDate "2009.??.??"]

1. e4 e5 2. Nf3 Nc6 3. Bb5 a6 4. Ba4 Be7 5. O-O b5 6. Bb3 Nf6 7. d3 O-O 8. c3
d6 9. Re1 Bg4 10. h3 Bh5 11. Nbd2 Nb8 12. Nf1 Nbd7 13. Ng3 Bg6 14. Nh4 Nc5 15.
Bc2 Nfd7 16. Nhf5 Ne6 17. a4 Rb8 18. axb5 axb5 19. Ra7 Bg5 20. Be3 Nb6 21. Rf1
Bxe3 22. fxe3 Qg5 23. h4 Qd8 24. Qg4 Nd7 25. Rf2 Nf6 26. Qe2 Kh8 27. Ra1 c6 28.
Raf1 Rb7 29. Nxg7 Nxg7 30. Rxf6 Ne8 31. R6f2 Qxh4 32. Nf5 Bxf5 33. Rxf5 f6 34.
Rh5 Qg3 35. Rh3 Qg6 36. Bb3 Ng7 37. Qf2 Re7 38. Qh4 Ne6 39. Rg3 Qf7 40. Rgf3
Kg7 41. Qg4+ Kh8 42. Rxf6 Qxf6 43. Rxf6 Rxf6 44. Bxe6 Rexe6 45. d4 exd4 46.
exd4 Rg6 47. Qh4 Rg8 48. d5 cxd5 49. exd5 Reg6 50. Qd4+ R8g7 51. Qb4 Rxg2+ 52.
Kf1 Rd2 53. Qxb5 Rgg2 54. Qe8+ Kg7 55. Qe7+ Kg8 56. Qe8+ Kg7 57. Qe7+ Kg8 58.
Qe6+ Kg7 59. b4 Rdf2+ 60. Ke1 Rb2 61. Qe7+ Kg8 62. Qe8+ Kg7 63. Qe7+ Kg8 64.
Qe6+ Kg7 65. Qe7+ Kg8 66. Qe6+ Kg7 67. Qe7+ Kg8 68. Qe8+ Kg7 1/2-1/2

[Event "VI MFSz Turniej Otwarty"]
[Site "Ostroda"]
[Date "2009.08.11"]
[Round "7.12"]
[White "Gajek, Radoslaw"]
[Black "Gorniewicz, Oskar"]
[Result "1-0"]
[WhiteElo "1785"]
[BlackElo "1844"]
[PlyCount "75"]
[EventDate "2009.??.??"]

1. e4 a6 2. Nf3 e6 3. Nc3 b5 4. a4 b4 5. Ne2 Bb7 6. Ng3 c5 7. d4 Nf6 8. e5 Nd5
9. Bg5 Qc7 10. Bd3 cxd4 11. O-O Nc6 12. Re1 h6 13. Bc1 O-O-O 14. a5 g5 15. Be4
Bc5 16. Bxd5 exd5 17. Nf5 g4 18. N3xd4 Nxe5 19. Bxh6 Rdg8 20. Qd2 Nf3+ 21. gxf3
gxf3+ 22. Kh1 Rg2 23. Qf4 Qxf4 24. Bxf4 Rxf2 25. Re3 Rd2 26. Rae1 Kd8 27. Re8+
Rxe8 28. Rxe8+ Kxe8 29. Bxd2 Kf8 30. Kg1 Kg8 31. Kf2 Kh7 32. Kxf3 Kg6 33. Kg4
Kf6 34. h4 d6 35. Kf4 Bc8 36. h5 Bd7 37. Be1 b3 38. Bh4# 1-0

[Event "VI MFSz Turniej Otwarty"]
[Site "Ostroda"]
[Date "2009.08.11"]
[Round "7.13"]
[White "Moszczenski, Milosz"]
[Black "Kotlowska, Anna"]
[Result "1-0"]
[WhiteElo "1445"]
[BlackElo "1645"]
[PlyCount "93"]
[EventDate "2009.??.??"]

1. e4 e5 2. Nf3 Nc6 3. Bc4 Bc5 4. c3 Nf6 5. d3 d6 6. O-O Bg4 7. Be3 Bb6 8. Nbd2
O-O 9. a4 a5 10. Bxb6 cxb6 11. Qb3 Nb8 12. Rfe1 Nbd7 13. d4 Qc7 14. Nh4 Rac8
15. f3 Bh5 16. Nf5 Bg6 17. Ne7+ Kh8 18. Nxc8 Qxc8 19. Nf1 Nh5 20. Rad1 Nf4 21.
Ne3 Re8 22. Nd5 Nxd5 23. Bxd5 Qc7 24. Rd2 Nf6 25. Red1 Kg8 26. dxe5 dxe5 27.
Kf1 Rc8 28. Qb5 Nd7 29. Bxf7+ Bxf7 30. Qxd7 Qc4+ 31. Kg1 Qc5+ 32. Kh1 Rb8 33.
Qf5 Re8 34. Rd8 Qc6 35. Qxe5 Qxa4 36. Rxe8+ Bxe8 37. Qd5+ Kf8 38. h4 h6 39.
Qd6+ Kg8 40. Qe6+ Kf8 41. Rd5 g6 42. Qxb6 Qa1+ 43. Kh2 Qa4 44. Rxa5 Qd7 45.
Qc5+ Kg8 46. Qd5+ Qxd5 47. Rxd5 1-0

[Event "VI MFSz Turniej Otwarty"]
[Site "Ostroda"]
[Date "2009.08.12"]
[Round "8.1"]
[White "Plichta, Kamil"]
[Black "Dzionk, Agata"]
[Result "1-0"]
[WhiteElo "2039"]
[BlackElo "1861"]
[PlyCount "101"]
[EventDate "2009.??.??"]

1. d4 Nf6 2. c4 g6 3. Nc3 Bg7 4. e4 d6 5. Nf3 O-O 6. Be2 Nc6 7. O-O e5 8. d5
Ne7 9. b4 c6 10. Ne1 a5 11. bxa5 c5 12. a4 Ra6 13. Ra3 Nd7 14. Nd3 f5 15. Bd2
Nf6 16. f3 Qd7 17. Nf2 h5 18. Qb1 f4 19. Rb3 g5 20. h3 Ng6 21. Rb6 Nh4 22. Nb5
Rxb6 23. axb6 g4 24. hxg4 hxg4 25. Nxg4 Nh5 26. Na7 Ng3 27. Rd1 Qe7 28. Nxc8
Rxc8 29. Qb5 Kf7 30. a5 Ra8 31. Bf1 Qd8 32. Ra1 Ra6 33. Be1 Ke7 34. Qb2 Qh8 35.
Bxg3 fxg3 36. Qd2 Qh5 37. Qe1 Bh6 38. Qxg3 Bf4 39. Qh3 Qg5 40. Ra2 Bd2 41. Rxd2
Qxd2 42. Qxh4+ Kf8 43. Qd8+ Kg7 44. Qxd6 Rxa5 45. Qxe5+ Kf7 46. d6 Ra2 47. Qe7+
Kg6 48. Qe8+ Kg7 49. d7 Qd4+ 50. Kh2 Qd6+ 51. Qe5+ 1-0

[Event "VI MFSz Turniej Otwarty"]
[Site "Ostroda"]
[Date "2009.08.12"]
[Round "8.2"]
[White "Kapica, Pawel"]
[Black "Puczylowski, Marcin"]
[Result "0-1"]
[WhiteElo "1869"]
[BlackElo "2017"]
[PlyCount "76"]
[EventDate "2009.??.??"]

1. d4 e6 2. c4 Bb4+ 3. Bd2 Qe7 4. Nf3 Nf6 5. e3 Nc6 6. Bd3 a5 7. O-O Bxd2 8.
Qxd2 d6 9. Nc3 e5 10. Nd5 Qd8 11. dxe5 dxe5 12. Qc3 Nxd5 13. cxd5 Qxd5 14. Bc4
Qd6 15. Rfd1 Qb4 16. Qxb4 axb4 17. Bb5 f6 18. Bxc6+ bxc6 19. Rac1 Bd7 20. Rc4
Rb8 21. Ne1 Ke7 22. Nd3 b3 23. a3 Rb6 24. Rdc1 Rd8 25. Kf1 c5 26. a4 Bxa4 27.
Rxa4 Rxd3 28. Rxc5 Rd2 29. Rxc7+ Ke6 30. Raa7 g6 31. e4 Rxb2 32. Re7+ Kd6 33.
Rac7 Rc6 34. Rcd7+ Kc5 35. Rxh7 Kc4 36. Rd5 Kc3 37. Ke1 Rc4 38. f3 Rxg2 0-1

[Event "VI MFSz Turniej Otwarty"]
[Site "Ostroda"]
[Date "2009.08.12"]
[Round "8.3"]
[White "Januszewski, Piotr"]
[Black "Zielinski, Maciej"]
[Result "0-1"]
[WhiteElo "1874"]
[BlackElo "1888"]
[PlyCount "38"]
[EventDate "2009.??.??"]

1. e4 e5 2. Nf3 Nc6 3. d4 exd4 4. Bc4 Bc5 5. c3 Nf6 6. e5 d5 7. Bb5 Ne4 8. cxd4
Bb6 9. O-O O-O 10. h3 Bd7 11. Ba4 f6 12. Bb3 Be6 13. Nc3 Ng5 14. Nxg5 fxg5 15.
Be3 Qd7 16. Ne2 g4 17. hxg4 Bxg4 18. f3 Be6 19. Kh2 Nxe5 0-1

[Event "VI MFSz Turniej Otwarty"]
[Site "Ostroda"]
[Date "2009.08.12"]
[Round "8.4"]
[White "Reza, Wojciech"]
[Black "Stachowicz, Feliks"]
[Result "1-0"]
[WhiteElo "1806"]
[BlackElo "1680"]
[PlyCount "83"]
[EventDate "2009.??.??"]

1. d4 e6 2. Nf3 d5 3. c4 c6 4. e3 f5 5. g4 Nf6 6. gxf5 exf5 7. Nc3 Bb4 8. Qb3
Bxc3+ 9. bxc3 Nbd7 10. cxd5 Nxd5 11. Rg1 g6 12. c4 N5f6 13. Ba3 Ne4 14. Bd3 Qb6
15. Nd2 Nxd2 16. Kxd2 Qxb3 17. axb3 Nf6 18. f3 a6 19. e4 f4 20. e5 Nh5 21. d5
Bh3 22. Be4 O-O-O 23. Kc3 Ng7 24. Be7 Rd7 25. Bg5 cxd5 26. cxd5 Rf8 27. Bh6 Bf5
28. Bxg7 Rxg7 29. Kd4 Bxe4 30. Kxe4 g5 31. e6 Rg6 32. Ke5 Re8 33. Rac1+ Kb8 34.
Rc4 b5 35. Rd4 Kb7 36. h4 h6 37. hxg5 hxg5 38. Kf5 Rh6 39. Rxg5 Rh3 40. Rd3 Rh1
41. Rg7+ Kb6 42. d6 1-0

[Event "VI MFSz Turniej Otwarty"]
[Site "Ostroda"]
[Date "2009.08.12"]
[Round "8.5"]
[White "Wodzynski, Michal"]
[Black "Ciesielski, Tomasz"]
[Result "1/2-1/2"]
[WhiteElo "1996"]
[BlackElo "1886"]
[PlyCount "40"]
[EventDate "2009.??.??"]

1. e4 e6 2. d4 d5 3. e5 c5 4. c3 Nc6 5. Nf3 Qb6 6. a3 Bd7 7. b4 c4 8. a4 Qc7 9.
Na3 a6 10. Bf4 Nge7 11. Be2 f6 12. Qd2 Ng6 13. Qe3 Nce7 14. g4 Bxa4 15. Bg3 Qd7
16. O-O f5 17. h3 Rg8 18. Ng5 O-O-O 19. Bd1 Bxd1 20. Raxd1 Kb8 1/2-1/2

[Event "VI MFSz Turniej Otwarty"]
[Site "Ostroda"]
[Date "2009.08.12"]
[Round "8.8"]
[White "Hekman, Dominik"]
[Black "Zajaczkowski, Jan"]
[Result "1/2-1/2"]
[WhiteElo "1647"]
[BlackElo "2033"]
[PlyCount "92"]
[EventDate "2009.??.??"]

1. e4 c5 2. Nf3 Nc6 3. d4 cxd4 4. Nxd4 e6 5. Be3 a6 6. g3 Nf6 7. Bg2 Be7 8. O-O
O-O 9. Nc3 d6 10. Qe2 e5 11. Nb3 Ng4 12. Nd5 Nxe3 13. Nxe7+ Qxe7 14. Qxe3 a5
15. Rad1 a4 16. Nd2 Be6 17. a3 b5 18. f4 f6 19. f5 Bf7 20. Rfe1 b4 21. Bf1 Nd4
22. Rc1 d5 23. axb4 dxe4 24. c3 Nxf5 25. Qxe4 Qa7+ 26. Kh1 Nd6 27. Qe3 Bd5+ 28.
Bg2 Bxg2+ 29. Kxg2 Qxe3 30. Rxe3 Rfd8 31. Ree1 Nb5 32. Nf3 Rd6 33. Rcd1 Rxd1
34. Rxd1 a3 35. bxa3 Nxc3 36. Ra1 Kf7 37. Kf2 Ke6 38. Nd2 Nd5 39. Nb3 e4 40.
Ke2 f5 41. Nd4+ Ke5 42. Nc2 g5 43. Ke1 f4 44. b5 e3 45. a4 f3 46. a5 Rc8
1/2-1/2

[Event "VI MFSz Turniej Otwarty"]
[Site "Ostroda"]
[Date "2009.08.12"]
[Round "8.9"]
[White "Renkowski, Piotr"]
[Black "Glatty, Zbigniew"]
[Result "0-1"]
[WhiteElo "1688"]
[BlackElo "1924"]
[PlyCount "132"]
[EventDate "2009.??.??"]

1. e4 e5 2. Nf3 Nc6 3. Bc4 Bc5 4. Nc3 Nf6 5. d3 d6 6. Bg5 h6 7. Bxf6 Qxf6 8.
Nd5 Qd8 9. c3 a6 10. d4 exd4 11. cxd4 Ba7 12. h3 O-O 13. O-O Ne7 14. Qc2 Nxd5
15. Bxd5 c6 16. Bb3 Qf6 17. e5 dxe5 18. dxe5 Qf4 19. Qc4 Qf5 20. Bc2 Qe6 21.
Qe4 g6 22. Bb3 Qf5 23. Qxf5 Bxf5 24. Nh4 Bd3 25. Rfd1 Rad8 26. Rd2 Bb6 27. Rad1
Be4 28. Rd6 Kg7 29. g4 Rxd6 30. Rxd6 Rd8 31. Rf6 Rd7 32. Rf4 Bd5 33. Bxd5 Rxd5
34. Rb4 Bd8 35. Nf3 b5 36. Kf1 c5 37. Re4 Rd1+ 38. Re1 Rxe1+ 39. Kxe1 c4 40.
Kd2 Bb6 41. Ke2 Kf8 42. Nd2 Bd4 43. b3 c3 44. Nf3 Bxf2 45. a3 Ke7 46. b4 Bb6
47. Kd3 Ke6 48. Kxc3 Kd5 49. Nd2 Bd4+ 50. Kb3 Kxe5 51. a4 Kf4 52. Ka3 Ke5 53.
Nb3 Kd5 54. Nd2 f5 55. gxf5 gxf5 56. axb5 axb5 57. Kb3 Be3 58. Kc3 Bxd2+ 59.
Kxd2 Kc4 60. Ke3 Kxb4 61. Kf4 Kc5 62. Kxf5 b4 63. Kg6 b3 64. Kxh6 b2 65. h4
b1=Q 66. h5 Qf5 0-1

[Event "VI MFSz Turniej Otwarty"]
[Site "Ostroda"]
[Date "2009.08.12"]
[Round "8.10"]
[White "Moszczenski, Milosz"]
[Black "Wodzynski, Mieszko"]
[Result "0-1"]
[WhiteElo "1445"]
[BlackElo "1800"]
[PlyCount "48"]
[EventDate "2009.??.??"]

1. e4 e5 2. Nf3 Nc6 3. Bc4 Nf6 4. d3 Bc5 5. c3 d6 6. Be3 Bb6 7. Nbd2 O-O 8. O-O
Bg4 9. a4 d5 10. exd5 Nxd5 11. Qe2 Re8 12. Kh1 Kh8 13. Bxb6 axb6 14. Qe4 Nf6
15. Qe3 Qd7 16. Ng5 Bh5 17. f3 Na5 18. Nge4 Nxe4 19. dxe4 Rad8 20. Rfd1 Nxc4
21. Nxc4 Qxd1+ 22. Rxd1 Rxd1+ 23. Qg1 Rxg1+ 24. Kxg1 f6 0-1